| 000 | 00403nmm a2200145Ia 4500 | ||
|---|---|---|---|
| 008 | 251105s9999||||xx |||||||||||||||||und|| | ||
| 041 | _aspa | ||
| 100 | _aMing, Elizabeth | ||
| 245 | 0 | _aEl puerto del perfume | |
| 264 |
_a[Madrid, España] : _bEdiciones B, _c2015 |
||
| 300 | _a512 páginas | ||
| 650 | _aHistorical fiction | ||
| 856 | _uhttps://public.digitaliapublishing.com/a/52848 | ||
| 942 | _cCF | ||
| 999 |
_c105712 _d105712 |
||